Heartland : A Historical Drama about the Internment of German-Americans in the United States During World War II /

Guardado en:
Detalles Bibliográficos
Autor principal: Simon, Lojo
Otros autores: Simons, Anita (autor) (autor), Ebel, Karen E. (prefacio) (prefacio)
Formato: Libro
Idioma:Inglés
Publicado: Rotterdam, Holanda : Sense, 2014, c2014
Colección:(Social Fictions Series)
Temas:
Acceso en línea:Ver documento en línea
Etiquetas: Agrega una etiqueta
Sin etiquetas, Sé el primero en etiquetar este registro!

MARC

LEADER 00000nam^a2200000^a^4500
001 000420373
005 20251023000000.0
009 20260310122508.961
020 |a 978-94-6209-587-8 
037 |a Acervo ITESO - Biblioteca 
041 |a ING 
082 |a 812.  |b SIM 
100 1 0 |a Simon, Lojo 
245 1 0 |a Heartland :  |b A Historical Drama about the Internment of German-Americans in the United States During World War II /  |c L. Simon, A. Simons ; pref. de K.E. Ebel. 
264 4 |a Rotterdam, Holanda :  |b Sense,  |c 2014, c2014 
264 2 |a Cham, Suiza :  |b Springer Link [distribución],  |c 2014 
300 |a 1 libro electrónico en línea (XV, 132 p.) 
300 |a 1 recurso en línea 
336 |a datos para computadora  |b cod  |2 rdacontenido 
337 |a computadora  |b c  |2 rdamedio 
338 |a recurso en línea  |b cr  |2 rdasoporte 
440 1 |a (Social Fictions Series) 
506 0 |a Licencias ilimitadas 
649 |a XX 
650 |a Judíos en EUA -  |x Condiciones Sociales y Culturales 
650 |a Alemanes en EUA -  |x Condiciones Sociales y Culturales 
650 |a Presos Políticos -  |z EUA -  |x Historia -  |y 1939-1945 
650 |a Guerra Mundial (Segunda), 1939-1945 en la Literatura 
650 |a Teatro Norteamericano 
650 |a Literatura Norteamericana -  |y Siglo XXI 
650 |a Literatura de Mujeres -  |z EUA 
650 |a Literatura e Historia -  |z EUA 
700 |a Simons, Anita  |e (autor) 
700 |a Ebel, Karen E.  |e (prefacio) 
856 4 0 |u https://link-springer-com.ezproxy.iteso.mx/10.1007/978-94-6209-587-8  |y Ver documento en línea 
910 |a Fondo General 
920 |a Electrónicos - Libros en Línea 
930 |a Plataforma Digital 
940 |a Literatura 
905 |a 205 
901 |a 420373-1  |b IT2  |c EBO  |i C172346  |u 20250521 
902 |a https://opac.biblio.iteso.mx/vufind/Record/000420373